| 000 | 01845nab a22003137a 4500 | ||
|---|---|---|---|
| 999 |
_c5267 _d5267 |
||
| 003 | OSt | ||
| 005 | 20250209232508.0 | ||
| 008 | 190603e xxum|||| |||| 00| 0 spa d | ||
| 040 | _cPJ | ||
| 100 |
_96321 _aVan Thienen, P. Augusto |
||
| 245 | 1 | 3 |
_aDonación inoficiosa. (Colación y planificación de la sucesión en empresas familiares) / _cP. Augusto Van Thienen. |
| 260 |
_cCiudad Autónoma de Buenos Aires : _aThomson Reuters La Ley, _b2025. |
||
| 300 | _ap. 252-261. | ||
| 500 | _aCita Online: TR LALEY AR/DOC/60/2025. Publicado en: RCCyC 2025 (febrero) , 252. | ||
| 505 | _a Sumario: I. Introducción.— II. Legítima (imperativa) y sucesión de empresas familiares.— III. Donación (inoficiosa) y planificación de la sucesión.— IV. Acción de colación y reducción. Valor de la empresa en marcha.— V. La gestión del fundador y la relación de control.— VI. Externalidades (negativas) del modelo sucesorio argentino.— VII. Hablemos sobre planificación sucesoria y violencia de género.— VIII. Mis conclusiones. | ||
| 505 | _aFallo Comentado: SC Mendoza, sala I ~ 05/08/2024 ~ Z., M. C. c. Z., J.A. y otros s/ acciones sucesorias s/ recurso extraordinario provincial. | ||
| 505 | _t¿Te interesa el texto completo? Solicitalo al correo: koha@justierradelfuego.gov.ar | ||
| 650 | 0 |
_9888 _aSUCESIONES |
|
| 650 | 0 |
_91037 _aHERENCIA |
|
| 650 | 0 |
_94553 _aPARTICION DE LA HERENCIA |
|
| 650 | 0 |
_94044 _aPERSPECTIVA DE GÉNERO |
|
| 650 | 0 |
_93053 _aVIOLENCIA DE GÉNERO |
|
| 650 | 0 |
_91679 _aSOCIEDAD DE FAMILIA |
|
| 650 | 0 |
_96322 _aDONACION INOFICIOSA |
|
| 650 | 0 |
_95756 _aPARTICIPACIÓN DE UNA SOCIEDAD EN OTRA |
|
| 653 | _aPROCESO SUCESORIO | ||
| 773 | 0 |
_02713 _93170 _dCiudad Autónoma de Buenos Aires : Thomson Reuters La Ley, 2015- _tRevista Código Civil y Comercial. Nº 1 - Febrero 2025 |
|
| 942 |
_2udc _cANA |
||